000 00423nam a2200169Ia 4500
003 GCL
008 140319s9999 xx 000 0 eng d
040 _aGCL /
_cGCL
082 0 4 _ap
_b050
_bI T
100 1 _aINSTITUT DU MONDE ARABE
245 1 0 _aTELERAMA-DELACROIX /
_cINSTITUT DU MONDE ARABE
260 _a[S.N] :
_bINSTITUT DU MONDE ARABE
300 _a97
650 0 4 _aLITERATURE
650 0 4 _aART
942 _2ddc
_cCR
999 _c25821
_d25821